Multimedia modeling : modeling multimedia information and systems
Guardat en:
| Autor corporatiu: | , |
|---|---|
| Altres autors: | , |
| Format: | Actes de congresos Llibre |
| Idioma: | English |
| Publicat: |
Singapore ; River Edge, NJ : World Scientific,
c1997.
|
| Matèries: | |
| Etiquetes: |
Afegir etiqueta
Sense etiquetes, Sigues el primer a etiquetar aquest registre!
|
MARC
| LEADER | 00000nam a2200000Ia 4500 | ||
|---|---|---|---|
| 003 | 002129 | ||
| 005 | 20221231143952.0 | ||
| 008 | 140114s1997 si a 000 ||eng d | ||
| 040 | |c cru CEDI | ||
| 082 | |a 006.7 M961m | ||
| 110 | |9 21308 |a National University of Singapore. Department of Information Systems and Computer Science. Computer Graphics Society. | ||
| 111 | |a International Conference on Multi-Media Modeling |c Singapore |d 17-20 November 1997 |9 21311 | ||
| 245 | |a Multimedia modeling : modeling multimedia information and systems | ||
| 260 | |a Singapore ; River Edge, NJ : World Scientific, |c c1997. | ||
| 300 | |a xi, 435 p. : ill. ; 23 cm. | ||
| 650 | |x SISTEMAS MULTIMEDIA |9 21312 | ||
| 700 | |9 21309 |a Pung, Hung Keng. |d Editor/a | ||
| 700 | |9 21310 |a Chua, Tat-Seng, 1955- |d Editor /a | ||
| 942 | |2 ddc |c BK | ||
| 999 | |c 14951 |d 14951 | ||
